000 00556nam a2200193 a 4500
001 000044343
003 OSt
005 20201127073243.0
008 140620s1980 dr 000 0 spa d
040 _aDO-SdBNP
_bspa
_cBNPHU
082 _axxxx
_bxxxx
100 1 _aCabanes Vicedo, Santiago
_937804
245 1 0 _aLengua espaƱola estructural 2 :
_bsegundo curso (8o.) /
_cSantiago Cabanes Vicedo.
260 _aSanto Domingo :
_bSusaeta,
_c1980.
300 _a444 p. :
_c21 cm.
590 _aInventariado, 2020/ YL
910 _aYLockward
942 _2ddc
_cLBS1
999 _c43832
_d43832